000
00195nam a2200085Ia 4500
008
120527s9999 xx 000 0 und d
100
_a
Brennan, J.
245
_a
Preface to Econometrics
942
_c
BK
999
_c
27155
_d
27155